| 000 | 01740nam0a2200337 i 4500 | ||
|---|---|---|---|
| 001 | RU\NLR\BIBL_A\011143796 | ||
| 005 | 20240921122545.0 | ||
| 010 |
_a9785929314520 _9500 |
||
| 021 |
_aRU _b2016-39242 _92517 |
||
| 035 | _a(NILC)RuMoRGB-008485068 | ||
| 035 | _a(NLR Aleph) 011143796 | ||
| 090 |
_a11632888 _c11632888 |
||
| 100 | _a20160531d2015 km y0rusy50 ca | ||
| 101 | 0 | _arus | |
| 102 | _aRU | ||
| 105 | _aa|||z||||01yy | ||
| 200 | 1 |
_aПрименение методов математического моделирования в задачах теплоэнергетики _eмонография _fА. Г. Батухтин, М. С. Басс, И. Ю. Батухтина _gМ-во образования и науки Российской Федерации, Федеральное гос. бюджетное образовательное учреждение высш. проф. образования "Забайкальский гос. ун-т" |
|
| 210 |
_aЧита _cЗабайкальский государственный университет _d2015 |
||
| 215 |
_a176 с. _cил. _d29 |
||
| 320 | _aБиблиогр.: с. 161-163 (51 назв.) | ||
| 606 | 1 |
_aТеплоэнергетические системы _xМатематическое моделирование _92418703 _3RU\NLR\AUTH\661440572 |
|
| 675 | _a621.1 | ||
| 686 | 1 | _aЗ38-01с11 | |
| 700 | 1 |
_aБатухтин _bА. Г. _gАндрей Геннадьевич |
|
| 701 | 1 |
_aБасс _bМ. С. _gМаксим Станиславович |
|
| 701 | 1 |
_aБатухтина _bИ. Ю. _gИрина Юрьевна |
|
| 801 | 0 |
_aRU _bРГБ _c20160513 _gRCR |
|
| 942 | _cBOOK | ||
| 980 | _aNBR | ||